Statistics for 区役所最寄り駅

Click here to take the quiz!

General Stats

  • This quiz has been taken 60 times
    (15 since last reset)
  • The average score is 51 of 194

Answer Stats

駅名% Correct
中野区中野
69%
相模原市緑区橋本
62%
相模原市中央区相模原
62%
台東区上野
62%
京都市下京区京都
62%
練馬区練馬
62%
渋谷区渋谷
62%
さいたま市岩槻区岩槻
54%
広島市東区広島
54%
名古屋市熱田区熱田
54%
さいたま市大宮区大宮
54%
神戸市東灘区住吉
54%
豊島区東池袋
54%
板橋区板橋区役所前
54%
さいたま市浦和区浦和
54%
横浜市戸塚区戸塚
54%
横浜市神奈川区東神奈川
54%
大阪市平野区平野
54%
北九州市門司区門司港
54%
堺市堺区堺東
46%
北九州市戸畑区戸畑
46%
新潟市秋葉区新津
46%
北九州市若松区若松
46%
静岡市葵区新静岡
46%
静岡市駿河区静岡
46%
静岡市清水区新清水
46%
横浜市磯子区磯子
46%
さいたま市桜区西浦和
38%
川崎市中原区武蔵小杉
38%
千葉市花見川区幕張
38%
名古屋市名東区本郷
38%
さいたま市緑区東浦和
38%
京都市伏見区丹波橋
38%
千葉市若葉区桜木
38%
横浜市中区日本大通り
38%
さいたま市西区西大宮
38%
札幌市厚別区新さっぽろ
38%
仙台市泉区泉中央
38%
札幌市白石区白石
38%
大田区蒲田
38%
北区王子
38%
川崎市高津区溝の口
38%
相模原市南区相模大野
38%
札幌市中央区大通
38%
福岡市西区姪浜
38%
札幌市手稲区手稲
38%
横浜市金沢区金沢文庫
38%
新潟市北区豊栄
31%
横浜市栄区本郷台
31%
名古屋市港区港区役所
31%
新潟市中央区白山
31%
新潟市江南区亀田
31%
神戸市西区西神中央
31%
川崎市宮前区宮前平
31%
横浜市都筑区センター南
31%
新潟市西区寺尾
31%
新潟市西蒲区
31%
名古屋市中区
31%
神戸市北区鈴蘭台
31%
京都市上京区今出川
31%
川崎市麻生区新百合ヶ丘
31%
横浜市瀬谷区三ツ境
31%
横浜市旭区鶴ヶ峰
31%
札幌市南区真駒内
31%
熊本市西区西熊本
31%
新宿区新宿三丁目
31%
文京区後楽園
31%
墨田区浅草
31%
大阪市阿倍野区文の里
31%
目黒区中目黒
31%
杉並区南阿佐ケ谷
31%
荒川区荒川区役所前
31%
葛飾区京成立石
31%
江戸川区新小岩
31%
札幌市東区東区役所前
31%
横浜市保土ケ谷区星川
31%
大阪市西淀川区御幣島
31%
広島市中区市役所前
31%
さいたま市中央区与野本町
31%
横浜市鶴見区京急鶴見
31%
さいたま市南区武蔵浦和
31%
大阪市福島区野田阪神
23%
大阪市港区弁天町
23%
名古屋市中村区本陣
23%
神戸市垂水区山陽垂水
23%
名古屋市昭和区御器所
23%
名古屋市瑞穂区瑞穂区役所
23%
神戸市長田区高速長田
23%
神戸市中央区三宮・花時計前
23%
京都市右京区太秦天神川
23%
堺市西区
23%
京都市西京区上桂
23%
大阪市浪速区大国町
23%
堺市北区新金岡
23%
堺市東区萩原天神
23%
大阪市都島区京橋
23%
名古屋市中川区高畑
23%
大阪市天王寺区四天王寺前夕陽ヶ丘
23%
千代田区九段下
23%
中央区新富町
23%
横浜市港南区港南中央
23%
世田谷区松陰神社前
23%
足立区梅島
23%
福岡市早良区藤崎
23%
福岡市城南区別府
23%
福岡市中央区赤坂
23%
仙台市太白区長町南
23%
さいたま市見沼区大和田
23%
北九州市八幡東区スペースワールド
23%
名古屋市千種区東山公園
23%
千葉市美浜区検見川浜
23%
横浜市西区戸部
23%
横浜市南区阪東橋
23%
大阪市淀川区十三
23%
横浜市港北区大倉山
23%
新潟市東区東新潟
23%
川崎市幸区矢向
23%
浜松市浜名区浜北
23%
川崎市川崎区京急川崎
23%
広島市佐伯区佐伯区役所前
23%
大阪市鶴見区横堤
23%
横浜市泉区いずみ中央
23%
横浜市青葉区市が尾
23%
横浜市緑区中山
23%
熊本市東区健軍町
15%
熊本市中央区熊本城・市役所前
15%
大阪市中央区堺筋本町
15%
大阪市住之江区住ノ江
15%
広島市安芸区海田市
15%
堺市中区深井
15%
大阪市北区扇町
15%
堺市南区栂・美木多
15%
福岡市南区大橋
15%
神戸市須磨区板宿
15%
福岡市博多区櫛田神社前
15%
福岡市東区箱崎宮前
15%
北九州市八幡西区黒崎駅前
15%
岡山市東区西大寺
15%
岡山市中区西川原
15%
神戸市灘区新在家
15%
神戸市兵庫区湊川
15%
北九州市小倉北区旦過
15%
名古屋市東区車道
15%
熊本市北区植木
15%
京都市左京区松ヶ崎
15%
仙台市青葉区勾当台公園
15%
仙台市宮城野区陸前原ノ町
15%
仙台市若林区薬師堂
15%
千葉市中央区葭川公園
15%
千葉市稲毛区穴川
15%
新潟市南区矢代田
15%
浜松市天竜区二俣本町
15%
品川区下神明
15%
名古屋市南区笠寺
15%
札幌市西区琴似
15%
港区御成門
15%
京都市北区北大路
15%
江東区東陽町
15%
京都市中京区二条城前
15%
大阪市西区西長堀
15%
大阪市旭区千林大宮
15%
大阪市東成区今里
15%
大阪市大正区津守
15%
京都市東山区清水五条
15%
札幌市清田区大谷地
15%
京都市山科区椥辻
15%
堺市美原区北野田
8%
千葉市緑区鎌取
8%
熊本市南区富合
8%
大阪市城東区蒲生四丁目
8%
京都市南区東寺
8%
さいたま市北区加茂宮
8%
大阪市生野区桃谷
8%
札幌市豊平区美園
8%
名古屋市天白区塩釜口
8%
広島市安佐北区河戸帆待川
8%
川崎市多摩区向ヶ丘遊園
8%
岡山市南区備前西市
8%
浜松市中央区遠州病院
8%
岡山市北区備前三門
8%
広島市安佐南区古市橋
8%
広島市南区南区役所前
8%
大阪市此花区千鳥橋
8%
名古屋市西区浄心
8%
札幌市北区北24条
8%
大阪市東淀川区JR淡路
8%
大阪市西成区岸里
0%
北九州市小倉南区北方
0%
広島市西区福島町
0%
大阪市東住吉区駒川中野
0%
名古屋市守山区小幡
0%
名古屋市緑区左京山
0%
大阪市住吉区沢ノ町
0%
名古屋市北区黒川
0%

Score Distribution

Percentile by Number Answered

Percent of People with Each Score

Your Score History

You have not taken this quiz since the last reset